Introduction to C++ using .net (Record no. 111033)

MARC details
000 -LEADER
fixed length control field 00361nam a2200145Ia 4500
008 - FIXED-LENGTH DATA ELEMENTS--GENERAL INFORMATION
fixed length control field 230917s9999||||xx |||||||||||||| ||und||
040 ## - CATALOGING SOURCE
-- 99995
Original cataloging agency VIVEKANANDA LIBRARY
041 ## - Language
-- English
082 ## - DDC NUMBER
Classification number 004.78 O2I
100 ## - MAIN ENTRY--PERSONAL NAME
Personal name Oberg, Robert J
245 #0 - TITLE STATEMENT
Title Introduction to C++ using .net
260 ## - PUBLICATION, DISTRIBUTION, ETC. (IMPRINT)
Place of publication, distribution, etc New Delhi
Name of publisher, distributor, etc Pearson Education
Date of publication, distribution, etc 2002
300 ## - PHYSICAL DESCRIPTION
Pages 452 p.
942 ## - ADDED ENTRY ELEMENTS (KOHA)
Koha item type Books
Holdings
Withdrawn status Lost status Damaged status Not for loan Location (home branch) Sublocation or collection (holding branch) Date acquired Koha issues (times borrowed) Koha full call number Accession No. Koha date last seen Koha item type Shelving location
        VIVEKANANDA LIBRARY VIVEKANANDA LIBRARY 29/07/2004   004.78 O2I 198708 17/09/2023 Books  
        VIVEKANANDA LIBRARY VIVEKANANDA LIBRARY 29/07/2004   004.78 O2I 198709 17/09/2023 Books UIET Library
        VIVEKANANDA LIBRARY VIVEKANANDA LIBRARY 29/07/2004   004.78 O2I 198710 17/09/2023 Books  
        VIVEKANANDA LIBRARY VIVEKANANDA LIBRARY 29/07/2004   004.78 O2I 198711 17/09/2023 Books  
        VIVEKANANDA LIBRARY VIVEKANANDA LIBRARY 29/07/2004   004.78 O2I 198712 17/09/2023 Books UIET Library
        VIVEKANANDA LIBRARY VIVEKANANDA LIBRARY 29/07/2004   004.78 O2I 208348 17/09/2023 Books  
        VIVEKANANDA LIBRARY VIVEKANANDA LIBRARY 29/07/2004   004.78 O2I 211786 17/09/2023 Books  
© Designed and Maintained by Vivekananda Library, MDU Rohtak